Posición de la Iniciativa Centroamericana de Mujeres para el seguimiento a Estocolmo
Wedi'i Gadw mewn:
| Fformat: | Texto |
|---|---|
| Cyhoeddwyd: |
Iniciativa Centroamericana de Mujeres
|
| Pynciau: | |
| Tagiau: |
Ychwanegu Tag
Dim Tagiau, Byddwch y cyntaf i dagio'r cofnod hwn!
|
MARC
| LEADER | 00000 a a2200000 04500 | ||
|---|---|---|---|
| 001 | 32612 | ||
| 003 | |||
| 040 | |||
| 090 | |a 203200 | ||
| 245 | |a Posición de la Iniciativa Centroamericana de Mujeres para el seguimiento a Estocolmo | ||
| 260 | |a Iniciativa Centroamericana de Mujeres | ||
| 300 | |a 40 p. | ||
| 650 | |a MOVIMIENTO DE MUJERES | ||
| 650 | |a DESARROLLO SOCIAL | ||
| 650 | |a PLANES DE DESARROLLO | ||
| 650 | |a GLOBALIZACION | ||
| 650 | |a DESIGUALDAD ECONOMICA | ||
| 650 | |a POBREZA | ||
| 650 | |a DEUDA PUBLICA | ||
| 650 | |a PRIVATIZACION | ||
| 650 | |a CONSECUENCIAS ECONOMICAS | ||
| 650 | |a POLITICA DE AJUSTE | ||
| 650 | |a CONSECUENCIAS SOCIALES | ||
| 650 | |a AMERICA CENTRAL | ||
| 999 | |c 8194 |d 8194 | ||
